Vista normal
Vista MARC
- Maggio, Mariana
Entrada Nombre de persona
Número de registros utilizados en: 2
001 - NÚMERO DE CONTROL
- campo de control: 1774
003 - IDENTIFICADOR DEL NÚMERO DE CONTROL
- campo de control: ES-MaFIAP
005 - FECHA Y HORA DE LA ÚLTIMA TRANSACCIÓN
- campo de control: 20231127133513.0
008 - DATOS DE LONGITUD FIJA
- campo de control de longitud fija: 231127|| aca||aabn | a|a d
040 ## - FUENTE DE LA CATALOGACIÓN
- Centro catalogador/agencia de origen: ES-MaFIAP
- Centro/agencia transcriptor: ES-MaFIAP
100 ## - ENCABEZAMIENTO-NOMBRE DE PERSONA
- Nombre de persona: Maggio, Mariana
670 ## - FUENTE DE DATOS ENCONTRADOS
- Cita de la fuente: Work cat.: (ES-MaFIAP)656: Calvo Prieto, Juan Carlos XX1459672 1773, Audición infantil, 2003





